000 00500nam a22001817a 4500
005 20250319175849.0
008 250319b |||||||| |||| 00| 0 eng d
020 _a9781439080702
050 _aHD30
_b.4.Z54 BUS
100 _aZikmund, G. William
245 _aBusiness research methods
250 _a8th ed
260 _aAustralia
_bSouth-Western Cengage Learning
_cc2010
300 _axxii, 673p;
_bill.;
500 _aincludes index
700 _aBabin J. Barry [et,... al]
942 _2lcc
_cBK
_n0
999 _c4978
_d4978